01681nam a22003737a 4500003000500000005001700005008004100022010001000063011001000073035001000083040000900093082001400102111012200116245009000238260006600328300003200394490006300426590004100489590004100530590004100571590004100612590004100653590004200694650002900736650002800765830007000793901000700863942001000870949005400880949008100934999001701015952013601032952013901168CHAP20220329134823.0971013s1973 mx r 10010 d a26491 a27463 a31564 cCHAP a634.5bC500aConferencias de Productores de Nuez de la República Méxicana. Ciclo (n1d: 1973c: Piedras Negras, Coah.)92662510aPonencias del ciclo de conferecnias de productores de nuez de la República Mexicana aMéxico, D. F. :bComisión Nacional de Fruticultura,c1973 a158 p. :bgráfs., cuadros aComisión Nacional de Fruticultura. Serie técnicav; 10 aBATCH-UPDb10c20130110lUCH01h0221 aBATCH-UPDb10c20130110lUCH01h1705 aBATCH-UPDb10c20130409lUCH01h2241 aBATCH-UPDb10c20130410lUCH01h1052 aBATCH-UPDb10c20130914lUCH01h1017 aCONVERSIONb10c20130109lUCH01h131514aNogalxCongresos.98154814aNuezxCongresos.9821770 aComisión Nacional de Fruticultura. Serie técnicav; 10925790 aBK cLIBRO a634.5 C5bBCcCONGd-73049eCONGh59437i31564si a634.5 C5bBCcLIBROd33724002304983eLIBROfc.2gDonaciØnh115707i31564sb c26491d26491 00102ddc4051708CONGaBCbBCcPA_CONGd2019-12-31eDonacionfLIBROl0o634.5 C5p-73049r2019-12-31 00:00:00w2019-12-31yLIBRO 00102ddc4052708GRALaBCbBCcPP_GRALd2019-12-31fLIBROl0o634.5 C5p33724002304983r2019-12-31 00:00:00tc.2w2019-12-31yLIBRO